Activités des organisations internationales dans le domaine de l'information scientifique, technique et industrielle (Запись № 8530754)

Подробности
000 -МАРКЕР
контрольное поле 01569nam0a22002891 4500
001 - ИДЕНТИФИКАТОР ЗАПИСИ
контрольное поле RU\NLR\INFOCOMM_161\5000061748
005 - ИДЕНТИФИКАТОР ВЕРСИИ
контрольное поле 20250613092734.0
035 ## - ДРУГИЕ СИСТЕМНЫЕ НОМЕРА
Идентификатор записи (NLR Aleph) 009174039
100 ## - ДАННЫЕ ОБЩЕЙ ОБРАБОТКИ
Данные общей обработки 20100304d1975 |||y0rusy50 ca
101 0# - ЯЗЫК РЕСУРСА
Язык текста, звукозаписи и т.д. французский
102 ## - СТРАНА ПУБЛИКАЦИИ ИЛИ ПРОИЗВОДСТВА
Страна публикации Российская Федерация
105 ## - ПОЛЕ КОДИРОВАННЫХ ДАННЫХ: ТЕКСТОВЫЕ МАТЕРИАЛЫ, МОНОГРАФИЧЕСКИЕ
Кодированные данные о монографическом текстовом документе y ||||000|y
200 1# - ЗАГЛАВИЕ И СВЕДЕНИЯ ОБ ОТВЕТСТВЕННОСТИ
Основное заглавие Activités des organisations internationales dans le domaine de l'information scientifique, technique et industrielle
Сведения, относящиеся к заглавию Cours pour les spécialistes des pays en voie de développement sont organisés par ONUDI et UNESCO en collab. avec le Gouv. de l'URSS
-- Les cours sont réalisés par l'Inst. de l'inform. sci. et techn. de l'URSS, 3 avr. - 12 juin 1975
Первые сведения об ответственности A. G. Tchakhmakhtchev
Последующие сведения об ответственности UNIDO-UNESCO. Cours interrégionaux de la formation des spécialistes en inform. industrielle et documentation
210 ## - ПУБЛИКАЦИЯ, РАСПРОСТРАНЕНИЕ И ДР.
Место издания, распространения и т.д. Μ.
Дата издания, распространения и т.д. 1975
215 ## - ФИЗИЧЕСКАЯ ХАРАКТЕРИСТИКА
Специфическое обозначение материала и объем 56 с.
Размеры 25 см
300 ## - ОБЩИЕ ПРИМЕЧАНИЯ
Текст примечания В вып. дан.: А. Г. Чахмачев. Международные организации в области научно-технической и промышленной информации и их деятельность
320 ## - ПРИМЕЧАНИЯ О НАЛИЧИИ В ДОКУМЕНТЕ БИБЛИОГРАФИИ / УКАЗАТЕЛЯ
Текст примечания Библиогр.: с. 54-55
606 ## - НАИМЕНОВАНИЕ ТЕМЫ КАК ПРЕДМЕТ
Наименование темы Информационные системы и организации, международные
Код системы nlr_sh1
686 ## - ИНДЕКСЫ ДРУГИХ КЛАССИФИКАЦИЙ
Индекс Ч234(0)7
Код системы
700 #1 - ИМЯ ЛИЦА - ПЕРВИЧНАЯ ОТВЕТСТВЕННОСТЬ
Системный номер авторитетной/нормативной записи z04790
Начальный элемент ввода Čachmachčev
Часть имени, кроме начального элемента ввода A. G.
Расширение инициалов личного имени Aleksandr Gajkovič
Код отношения Автор
790 #1 - ИМЯ ЛИЦА - АЛЬТЕРНАТИВНАЯ ФОРМА
Системный номер авторитетной/нормативной записи z04700
Начальный элемент ввода Tchakhmakhtchev
Часть имени, кроме начального элемента ввода A. G.
Код отношения Автор
801 #1 - ИСТОЧНИК ЗАПИСИ
Страна Российская Федерация
Организация NLR
Дата составления 20100304
801 #0 - ИСТОЧНИК ЗАПИСИ
Страна Российская Федерация
Организация NLR
Правила каталогизации PSBO
852 ## - МЕСТОНАХОЖДЕНИЕ И ШИФР ХРАНЕНИЯ
Идентификатор организации NLR
Шифр хранения (Call Number) Пр91 Д-8/82
942 ## - ДОПОЛНИТЕЛЬНЫЕ ЭЛЕМЕНТЫ ЗАПИСИ (АБИС)
Тип экземпляра АБИС Книга
980 ## - КОЛЛЕКЦИЯ
Название коллекции Национальная библиография
Экземпляры
Тип экземпляра Дата поступления Библиотека постоянного хранения Библиотека текущего хранения Место хранения Шифр хранения Штрих-код Статус экземпляра
Книга 26.10.2013 РНБ (Московский) РНБ (Московский) Иностранный книжный фонд Пр91 Д-8/82 9174039-10